000 01249nam a22002897a 4500
005 20121130162118.0
008 090408t xxu||||| |||| 00| 0 hin d
010 _aHIN-97521
020 _c450.00
_a9788191072679
035 _aHN-69867
037 _bDBAD / PUB
040 _aDPL
_bHN
082 _a346.015
100 _927482
_aशुकदेव शास्त्री
245 _aमेरी न्याययात्राः
_cशुकदेव शास्त्री
_bसत्य घटनाओं पर आधारित सुखान्त व्यथाकथा /
246 _ameri nyayayatra
_bby Shukdev Shastri
260 _bमोनिका प्रकाशन
_c2012
_aजयपुर
270 _a85/175, प्रतापनगर, सांगानेर
_bजयपुर
_e302020
300 1 _a240पृ.
_c22सेमी (सजिल्द)
650 _91169
650 _953964
700 _927483
710 _952094
711 _952444
942 _adpl
_cHN
_2ddc
_mशुकदे
_h346.015
999 _c71762
_d71762